Vybrané kapitoly z národního hospodářství /

Hlavní autor: Engliš, Karel, 1880-1961
Jazyk: Čeština
Vydáno: Praha : Státní nakladatelství, 1925
Edice: Knihy pro každého (Státní nakladatelství)
Témata:
Externí odkaz: Digitalizovaný dokument
Fyzický popis: 200 s.
Knihy
Uloženo v:
LEADER 01193nam a22002772a 4500
001 000299049
003 CZ BrMZK
005 20250912122550.0
008 980107s1925 xr f cze d
015 |a cnb000306477 
035 |a (OCoLC)41995617 
040 |a BOA001  |b cze  |c BOA002 
100 1 |a Engliš, Karel,  |d 1880-1961  |7 jk01030495 
245 1 0 |a Vybrané kapitoly z národního hospodářství /  |c Karel Engliš. 
260 |a Praha :  |b Státní nakladatelství,  |c 1925 
300 |a 200 s. 
490 1 |a Knihy pro každého ;  |v Roč. 3., sv. 3 
830 0 |a Knihy pro každého (Státní nakladatelství)  |0 s 
856 4 1 |u http://www.digitalniknihovna.cz/mzk/uuid/uuid:dd8b7820-21ad-11e2-89b1-005056827e52  |y Digitalizovaný dokument  |x NDK 
910 |a BOA001  |b PK-I-0009.651  |b 1-0062.759,3/3 
964 |a Hospodářství národní - úvody 
990 |a BK 
993 |a Y 
996 6 |b 2618770106  |c 1-0062.759,3/3  |l MZK  |r Sklad / do 1 hodiny  |n 0  |w 000299049  |u 000020  |a 1  |e BOA001  |j MZK50  |s P 
996 7 |b 2618770107  |c 1-0062.759,3/3  |l MZK  |r Sklad / do 1 hodiny  |n 0  |w 000299049  |u 000030  |a 1  |e BOA001  |j MZK50  |s A 
996 7 |b 3119922823  |c PK-I-0009.651  |l MZK  |r Sklad / do 1 hodiny  |n 4  |w 000299049  |u 000010  |a 1  |e BOA001  |j MZK50  |s A